Datum a čas kvízu
30
Celkem bodů
Celkový počet nahraných bodů na tomto kvízu bez doplňovacích otázek.
2.
Pořadí na kvízu
Konečné umístění týmu na tomto kvízu.
Zaznamenané odpovědi
| # | Otázka | Odpověď | Body | Výsledky |
|---|---|---|---|---|
| 1. | Bývalá pražská primátorka Adri... | C) detektivní román | 1 | |
| 2. | Minulý týden byla jmenována no... | Zelení/Die Grünen | 0 | |
| 3. | Ve věku 86 let zemřel filmový... | Ivan Passer | 0 | |
| 4. | Skupina Kofola oznámila po krá... | (F. H.) Prager | 1 | |
| 5. | Pekka Rinne se stal dvanáctým... | Nashville Predators | 0 | |
| 6. | Rožnovský tým Kačeři vyhrál mo... | Dave Gahan | 0 | |
| 7. | Jak se jmenuje umělec, který v... | Marilyn Manson | 0 | |
| 8. | Podle čeho si tato kapela vybr... | B) podle časopisu | 1 | |
| 9. | Gary Numan, Ultravox, Devo...... | synthpop / synthrock | 1 | |
| 10. | Depešáci ovlivnili řadu hudebn... | Shalom | 0 |